000 01192naa a22003377a 4500
001 BR7703103
003 BR-BrBNA
005 20240918173956.0
007 ta
008 230509b bl.||||| |||| 00| 0 por d
040 _aBR-BrBNA
_bpor
_cBiblioteca Nacional de Agricultura
041 _a(Pt)
072 _aF00; E70
_b0180
_b0336
_b0150
_b0120
_bG514
090 _aF00 BR7703103
100 1 _aMerch, R.F.
111 1 _a2. Seminario Nacional de Armazenagem
_cBrasilia, DF (Brazil)
_d25 Oct 1976
245 1 _aArmazenamento de graos no Rio Grande do Sul. Diagnostico e perspectiva [Trigo; Soja; Arroz; Milho; Brasil]
260 3 _aBrasilia, DDF (Brasil):
_c1977.
500 _aAnais do 2. Seminario Nacional de Armazenagem Brasilia, DDF (Brasil): 1977. v. 3 p. 327-332 (BR7703103-AM)F00
650 _aProducao vegetal
650 _aComercializacao
650 _aTrigo
650 _aSoja
650 _aArroz
650 _aMilho
650 _aArmazenamento
650 _aRio Grande do Sul
773 0 _tAnais do 2. Seminario Nacional de Armazenagem
_wF00 BR7703103
_gBrasilia, DDF (Brasil), 1977. v. 3 p. 327-332
909 _a202404
_bLucia
_c55
_dLucia Elande
942 _cAM
_2AGRIS
999 _c308074
_d308074